Taylor Swift Longest Song Titles - Statistics

General Stats
  • This quiz has been taken 42 times
  • The average score is 13 of 15
Answer Stats
Abbreviations Full Song Title % Correct
LWYMMD (6) Look What You Made Me Do
100%
IBYTAM (6) I Bet You Think About Me
97%
MAATHP (6) Miss Americana & the Heartbreak Prince
95%
WANEGBT (7) We Are Never Ever Getting Back Together
95%
TIWWCHNT (8) This Is Why We Can’t Have Nice Things
92%
ICDIWABH (8) I Can Do It With a Broken Heart
89%
ICFH(NRIC) (8) I Can Fix Him (No Really I Can)
89%
TSMWEL (6) The Smallest Man Who Ever Lived
89%
AYHTDWS (7) All You Had to Do Was Stay
86%
COSOSOM (7) Chloe or Sam or Sophia or Marcus
86%
IOMWIWY (7) I’m Only Me When I’m With You
86%
INTHAF (6) It's Nice to Have a Friend
84%
MBOBHFT (7) My Boy Only Breaks His Favorite Toys
84%
WAOLOM (6) Who’s Afraid of Little Old Me?
84%
TOSOTD (6) The Other Side of the Door
78%
No matching quizzes found
Score Distribution
Percent of People with Each Score
Percentile by Number Answered
Your Score History
You have not taken this quiz